HETEROCYCLIC CHEMISTRY (Record no. 9840)

MARC details
000 -LEADER
fixed length control field 00424nam a22001697a 4500
003 - CONTROL NUMBER IDENTIFIER
control field SGT
020 ## - INTERNATIONAL STANDARD BOOK NUMBER
International Standard Book Number 9788184875591
082 ## - DEWEY DECIMAL CLASSIFICATION NUMBER
Classification number 547.59,AHL
100 ## - MAIN ENTRY--PERSONAL NAME
Personal name AHLUWALIA,V.K
245 ## - TITLE STATEMENT
Title HETEROCYCLIC CHEMISTRY
250 ## - EDITION STATEMENT
Edition statement 1ST
260 ## - PUBLICATION, DISTRIBUTION, ETC. (IMPRINT)
Place of publication, distribution, etc NEW DELHI
Name of publisher, distributor, etc NAROSA
Year of Publication 2016
300 ## - PAGE DESCRIPTION
No. of Pages V.P
650 ## - SUBJECT ADDED ENTRY--TOPICAL TERM
Topical term or geographic name as entry element ORGANIC CHEMISTRY
653 ## - KEYWORDS--INDEX TERM
Keyword term CLASSIFICATION AND NOMENCLATURE,THREE MEMBERED HETROCYCLIC COMPOUNDS
942 ## - ADDED ENTRY ELEMENTS (KOHA)
Source of classification or shelving scheme Dewey Decimal Classification
Koha item type FPS Books
942 ## - ADDED ENTRY ELEMENTS (KOHA)
-- 32
Holdings
Withdrawn status Lost status Source of classification or shelving scheme Damaged status Not for loan Collection code Home library Current library Shelving location Date acquired Vendor Name Cost, normal purchase price SGTU Bill Number Total Checkouts Total Renewals Full call number Accession No. (Barcode) Date last seen Date last borrowed Bill Date Koha item type
    Dewey Decimal Classification     SCIENCE SGT Science & Social Sciences Library SGT Science & Social Sciences Library Text Book 03/09/2016 AHUJA BOOK 415.00 SGTU 7161 35 3 547.59,AHL PS2333 01/12/2025 28/11/2025 16/08/2016 FPS Books
    Dewey Decimal Classification   Not For Loan SCIENCE SGT Science & Social Sciences Library SGT Science & Social Sciences Library Reference Book 03/09/2016 AHUJA BOOK 415.00 SGTU 7161     547.59,AHL PS2334 23/01/2017   16/08/2016 FPS Books
    Dewey Decimal Classification     SCIENCE SGT Science & Social Sciences Library SGT Science & Social Sciences Library Text Book 03/09/2016 AHUJA BOOK 415.00 SGTU 7161 30   547.59,AHL PS2335 24/12/2025 04/08/2025 16/08/2016 FPS Books